[Event "Moscow Petrosian Memorial"]
[Site "Moscow"]
[Date "2014.11.08"]
[Round "4"]
[White "Morozevich, Alexander"]
[Black "Inarkiev, Ernesto"]
[Result "1/2-1/2"]
[WhiteElo "2724"]
[BlackElo "2688"]
[Annotator "ChessBase"]
[PlyCount "92"]
[EventDate "2014.11.04"]
[EventType "tourn"]
[EventRounds "7"]
[EventCountry "RUS"]
[EventCategory "20"]
[SourceTitle "CBM 164"]
[Source "ChessBase"]
[SourceDate "2015.01.15"]
[SourceVersion "1"]
[SourceVersionDate "2015.01.15"]
[SourceQuality "1"]

1. d4 {Wells,Peter K} Nf6 2. c4 e6 3. Nc3 d5 4. cxd5 exd5 5. Bg5 c6 6. Qc2 Be7 7. e3 Nbd7 8. Bd3 Nh5 9. Bxe7 Qxe7 10. Nge2 (10. Nf3 Nf4 {is known to be somewhat uncomfortable for White.}) 10... g6 11. O-O-O Nb6 12. Rde1 (12. Kb1 {is by far the most common move.}) ({RR} 12. Ng3 Nxg3 13. hxg3 h5 14. Kb1 Be6 15. Rc1 Kf8 16. Ne2 Kg7 17. Nf4 Qf6 18. f3 Rae8 19. Rce1 Bc8 20. Qf2 Qg5 21. Rh4 Nd7 22. g4 ({RR} 22. e4 dxe4 23. fxe4 c5 24. Rf1 Ref8 25. g4 ({RR} 25. e5 cxd4 26. e6 Ne5 27. Qxd4 Rd8) 25... hxg4 26. Rxh8 g3 ({RR} 26... Rxh8 27. Ne6+ fxe6 28. Qf7+) 27. Rh5 gxh5 28. Qe3) 22... hxg4 23. Rxg4 Qh6 24. Nxg6 fxg6 25. Rxg6+ Qxg6 26. Bxg6 Kxg6 {Goldin,A (2608)-Vescovi,G (2618) Buenos Aires 2003 CBM 097 [Wells,Peter K] ½-½ (58)}) 12... Be6 13. f3 $146 ({RR} 13. Ng3 Nxg3 14. hxg3 h5 15. f3 O-O-O 16. Ne2 Kb8 17. Nf4 Bc8 18. Kb1 Rhe8 19. Qd2 Qf6 20. b3 Re7 21. Bc2 Bf5 22. Re2 Rde8 23. Nh3 Bxc2+ 24. Kxc2 Nc8 25. Nf2 Nd6 26. g4 hxg4 27. Nxg4 Qg5 {Andreev,S (2130)-Petrov,I (2195) Sofia 2004 0-1 (48)}) ({RR} 13. Kb1 O-O-O 14. f3 Kb8 15. e4 dxe4 16. fxe4 Bc4 17. Rhf1 Bxd3 18. Qxd3 Rhe8 19. Qf3 Rd7 20. g4 Ng7 21. Rf2 Ne6 22. Rd1 Red8 23. d5 cxd5 24. exd5 Nc5 25. Nf4 Ka8 26. Re2 Qg5 27. d6 f5 {Kaplan,E (1966)-Matveeva,O (2156) chess.com INT 2024 0-1 (35)}) ({RR} 13. Kb1 O-O-O 14. Nc1 Qc7 15. Nb3 Ng7 16. Nc5 Bf5 17. Bxf5+ Nxf5 18. h4 h5 19. Ne2 Rhe8 20. Nc1 Qe7 21. g3 Nd7 22. Nxd7 Rxd7 23. Nd3 Qe4 24. Ne5 Qxc2+ 25. Kxc2 Rde7 26. Kd3 Nd6 27. f3 Rg8 {Johne,F (1961)-Niessen,S (2004) Baden 2013 ½-½ (54)}) 13... O-O-O 14. g4 Ng7 15. Nf4 h5 16. h3 Kb8 17. Rhg1 Qd6 18. Bf1 hxg4 19. hxg4 Rh7 20. a4 a5 21. Qb3 Nd7 22. Kb1 Rh2 23. Na2 g5 24. Nd3 f6 25. Qc3 b6 $6 26. b4 $1 {White's advances on the kingside have yielded nothing, it's a good idea to open a front on the other side while Black still has an awkward knight on g7.} axb4 27. Naxb4 Rc8 28. Rc1 Kb7 29. e4 {Something clearly went wrong in Black's position. The pressure on the queenside is piling up.} dxe4 30. fxe4 c5 $1 {Resourceful and forced.} 31. e5 $6 (31. a5 $1 {was actually very strong. This would destabilize the c5 posiion and force Inarkiev to find some kind of defense.}) 31... fxe5 32. Nxe5 Ka7 $1 {Now it is White that has to be careful as his king becomes exposed. With e5 hanging and the king position being exposed more and more it is Morozevich that has to be careful not to overstep.} 33. Qd3 Nxe5 34. Qa6+ Kb8 35. dxe5 Qd8 $2 (35... Rb2+ $3 {would have been brilliant.} 36. Ka1 (36. Kxb2 Qd4+ {gets quickly mated.}) 36... Qd8 $1) 36. Nc2 (36. Rg2 $1 {leaves Black in a basically lost position. If he retreats White's rook will swing to the queenside with fatal consequences.}) 36... Bd5 (36... Rc7 $1 $17) 37. Rd1 Ne6 38. Bc4 (38. Bg2 Nd4 $1 $11) 38... Bxc4 39. Qxc4 Nd4 40. Nxd4 cxd4 41. Qxd4 $4 (41. Rxd4 $11) 41... Qc7 $4 {Missing a quick mate.} (41... Rc1+ 42. Kxc1 (42. Rxc1 Qxd4) 42... Qc7+ 43. Kb1 Qc2+ 44. Ka1 Qa2#) 42. Qd6 Ka7 43. Qxc7+ Rxc7 44. Rc1 Rxc1+ 45. Kxc1 Re2 46. Rf1 Rxe5 1/2-1/2

[Event "Barcelona"]
[Site "Barcelona"]
[Date "1992.05.??"]
[Round "9"]
[White "Gurevich, Mikhail"]
[Black "Akopian, Vladimir Eduardovic"]
[Result "1/2-1/2"]
[WhiteElo "2635"]
[BlackElo "2605"]
[Annotator "Dautov,Rustem"]
[PlyCount "91"]
[EventDate "1992.05.??"]
[EventType "tourn"]
[EventRounds "11"]
[EventCountry "ESP"]
[EventCategory "13"]
[SourceTitle "CBM 030"]
[Source "ChessBase"]
[SourceDate "1992.10.01"]
[SourceVersion "1"]
[SourceVersionDate "1992.10.01"]
[SourceQuality "1"]

1. d4 Nf6 2. c4 e6 3. Nc3 d5 4. Bg5 Nbd7 5. cxd5 exd5 6. e3 Be7 7. Bd3 c6 8. Nf3 O-O 9. Qc2 Re8 10. O-O Nf8 11. h3 Be6 12. Ne5 {N} (12. Rfc1 N6d7 13. Bf4 Nb6 14. Rab1 Bd6 15. Ne2 Ng6 16. Bxd6 Qxd6 17. a4 Rac8 18. Qc5 $14 {Karpov,An-Kharitonov,A USSR 1988}) (12. Rae1 N6d7 13. Bf4 Ng6 14. Bg3 Ndf8 15. Na4 Bd6 16. Bxd6 Qxd6 17. Nc5 b6 18. Nxe6 Nxe6 19. Rc1 Rac8 20. Rfd1 $14 {Dreev,A-Akopian,V Groningen 1991}) (12. a3 Nh5 13. Bxe7 Qxe7 14. b4 g6 15. b5 cxb5 16. Bxb5 Rec8 17. Qb3 Nf6 18. Bd3 N8d7 19. Rfc1 Nb6 $14 {Timman,J-Spassky,B Cannes FRA-NDL 1990}) 12... N6d7 13. Bxe7 Qxe7 14. f4 f6 15. Nf3 Bf7 16. Rae1 c5 ({RR} 16... Bg6 17. f5 Bf7 18. g4 Qd6 19. Qh2 Qxh2+ 20. Kxh2 Nb6 21. Kg3 Rad8 22. h4 Nfd7 23. Kf2 Nc8 24. b4 Nd6 25. Nd2 Ra8 26. Nb3 b6 27. Rg1 Rac8 28. Rc1 c5 29. Nb5 Nc4 30. bxc5 bxc5 31. Nxc5 {Toncheva,N (2335)-Medic,M (2088) Rijeka CRO 2026 ½-½ (54)}) 17. Qf2 (17. dxc5 Nxc5 18. Nd4 a6 $10) 17... Nb6 18. Nh4 $146 (18. dxc5 Qxc5 19. Nd4 Nc4 $10) ({RR} 18. e4 c4 19. Bb1 dxe4 20. Nxe4 Qc7 21. Nh4 Rad8 22. g4 Nd5 23. g5 fxg5 24. fxg5 Ng6 25. Nxg6 Bxg6 26. Nc3 Rxe1 27. Qxe1 Nf4 28. Qe3 Nd3 29. Bxd3 cxd3 30. d5 Re8 31. Qf4 Qb6+ 32. Rf2 Qc5 {Panelo Munoz,M (2429)-Bas Mas,J (2258) San Sebastian 2013 0-1 (46)}) 18... cxd4 19. exd4 Qc7 {c4-d6} 20. Rc1 Qd8 21. Nb5 $6 (21. Nf5 Bg6 (21... Nc4 $2 22. b3 Na5 23. Nb5 $16) 22. Qf3 Ne6 $132) 21... Nc4 $1 22. b3 (22. Bxc4 dxc4 23. Nc3 a6 24. a4 Rb8 $15) 22... a6 $1 23. bxc4 (23. Nc3 Nd6 {×e4}) 23... dxc4 24. Bxc4 Bxc4 25. Rxc4 axb5 26. Rc5 (26. Rc2 $6 Re4 27. Rd1 Ne6 $15) 26... Ne6 $10 27. Rxb5 Qxd4 28. Qxd4 Nxd4 29. Rxb7 Rxa2 30. Kh2 Rae2 31. Rd1 R2e4 32. Rd7 Ne6 33. Nf5 Rxf4 34. Nd6 Rb8 35. Re1 Nf8 36. Ra7 Rd8 (36... Rd4 37. Nf5 Rd7 38. Rxd7 Nxd7 39. Re7 $10) 37. Ne8 Rd7 38. Rxd7 Nxd7 39. Re7 Kf8 40. Rxd7 Kxe8 41. Rxg7 Rh4 42. g4 Rh6 43. Kg3 Rg6 44. Rxh7 f5 45. Kh4 fxg4 46. hxg4 1/2-1/2

[Event "Dortmund SuperGM 42nd"]
[Site "Dortmund"]
[Date "2014.07.18"]
[Round "5"]
[White "Leko, Peter"]
[Black "Naiditsch, Arkadij"]
[Result "1-0"]
[WhiteElo "2737"]
[BlackElo "2705"]
[Annotator "Leko,Peter"]
[PlyCount "99"]
[EventDate "2014.07.12"]
[EventType "tourn"]
[EventRounds "7"]
[EventCountry "GER"]
[EventCategory "19"]
[SourceTitle "CBM 162"]
[Source "ChessBase"]
[SourceDate "2014.09.17"]
[SourceVersion "1"]
[SourceVersionDate "2014.09.17"]
[SourceQuality "1"]

{My opponent is an excellent 1.e4 player, so it felt like a good decision to try 1.d4 and at the same time avoid a possible Berlin Wall. Which had anyway blocked me enough in this tournament.} 1. d4 Nf6 2. c4 e6 3. Nc3 {Inviting the Nimzo...} d5 {...no,thanks!} 4. cxd5 exd5 {In my preparation I had anticipated 3...d5, but expected Arkady to play 4...xd5 here.} 5. Bg5 c6 {We ended up in some classical Queen's Gambit. I am not revealing any big secret, if I remark that neither of us is a big expert of it! A typical situation in modern chess!} 6. Qc2 Be7 7. e3 Nbd7 8. Bd3 Nh5 {Heading for the Carlsbad structure.} ({Last year in the same tournament Adams played} 8... h6 9. Bh4 Nh5 10. Bxe7 Qxe7 {against me. The position is full of small nuances. It is impossible to say what is best. In some positions Black prefers the pawn to be on h6, but sometimes it is better to have the h7-g6 structure. It is a matter of taste or analysis?}) 9. Bxe7 Qxe7 10. Nge2 Nhf6 {This is not very standard, 10...g6 or 10...b6 are played much more frequently. However I had the feeling that my opponent did not want to touch his kingside pawns till I decided where I would put my king.} 11. O-O ({RR} 11. O-O-O b6 12. Ng3 g6 13. e4 dxe4 14. Ncxe4 O-O 15. Qxc6 Rb8 16. Qd6 Qxd6 17. Nxd6 Bb7 18. Nxb7 Rxb7 19. Rd2 Rd8 20. Ne2 Nf8 21. Bc2 Ne6 22. Rhd1 Rbd7 23. h3 Kf8 24. a3 h5 25. h4 Ke7 {Bareev,E (2663)-Wegerle,J (2472) Mainz 2010 1-0 (55)}) 11... Nb6 ({RR} 11... O-O 12. Rae1 Re8 13. Ng3 Nb6 14. f3 c5 15. Qf2 Be6 16. dxc5 Qxc5 17. Nge2 Nc4 18. Nd4 Rac8 19. Bxc4 dxc4 20. e4 a6 21. a4 Rcd8 22. Rd1 Rd7 23. Nxe6 Qxf2+ 24. Kxf2 Rxe6 25. Rxd7 Nxd7 26. Rd1 {Olhovik,A (2275)-Dicen,E (2123) chess.com INT 2025 1-0 (72)}) 12. Rae1 {I was happy to choose this plan as I felt that this is the most ambitious.} O-O 13. Nf4 $146 {It took me quite some time to decide to put my knight on f4 or to continue with the standard c1 plan. Finally I convinced myself that normally White plays c1 because usually the black knight is on h5 and the knight can not get to f4. In any case White tries to prepare e3-e4 by playing f2-f3.} ({RR} 13. Nc1 Be6 14. Nb3 Rad8 15. f3 g6 16. Nc5 Nc8 17. Ne2 Nh5 18. Qc3 Nd6 19. e4 dxe4 20. fxe4 Bc8 21. e5 Nf5 22. Bc4 Nhg7 23. Ne4 Be6 24. Nf6+ Kh8 25. Qh3 h5 26. Bxe6 Qxe6 27. g4 Nh6 {Bortnyk,O (2543)-Litvinov,M (2389) Moscow 2015 1-0}) ({RR} 13. Nc1 Be6 14. f3 Rad8 15. Nb3 Nc8 16. Nc5 Rfe8 17. b4 b6 18. Nxe6 fxe6 19. a3 Nd6 20. f4 b5 21. Nb1 Nc4 22. Nd2 a5 23. Nb3 axb4 24. axb4 Qxb4 25. Nc5 Nd7 26. Bxh7+ Kf8 27. f5 Nxc5 {Potkin,V (2583)-Kim,A (2464) Moscow 2019 ½-½ (48)}) 13... Bd7 $1 {A far from obvious move played after long thought. After careful calculations Black understands what is really going on in the position.} ({The lazy and natural} 13... g6 {could have been answered by} 14. f3 $1 {and now after} g5 {the positional pawn sacrifice is strong with} 15. Nfe2 $1 Qxe3+ 16. Kh1 {and White gets a very strong attack by simply playing d1, d2, g3, e3 and the weakness of the f5-square and Black's king vulnerability will tell.}) 14. g3 $5 {This move might look mysterious, but in fact I think it is fairly logical. White wants to prepare f2-f3 without allowing the annoying g5-reaction.} ({I spent a lot of time trying to make the immediate} 14. f3 {work, but in all the lines Black seemed to be in time} g5 $1 15. Nh3 ({The same idea as before with} 15. Nfe2 Qxe3+ 16. Kh1 {is missing a crucial tempo in the variation} Rae8 17. Nd1 Qe7 18. Qd2 h6 19. Ng3 Qd6 20. Ne3 Qf4 $1 {and Black is in time!}) (15. Qf2 {I even considered this bullet style move} gxf4 16. exf4 Qd6 17. Qh4 Kh8 18. Re5 {looks beautiful, but after} Rg8 {soberness prevails and there is no follow-up; h6 can always be met by ...e4!}) 15... Bxh3 16. gxh3 Kh8 17. Kh1 Rae8 18. Qf2 Nh5 {is possible but maximally double-edged. I had no intention to change the character of the game so quickly.}) ({The other move was the immediate} 14. e4 {but unless it wins material it is better to refrain from such a move.} dxe4 15. Nxe4 Rfe8 $1 {and Black has nothing to worry about.}) 14... Qd6 {Again best. The queen belongs here in any case, but it is not yet clear how to place the rooks.} 15. f3 {Following the plan.} Rfc8 $2 {I was surprised by this move and believe it to be a serious inaccuracy.} ({There was no reason why Black should have not continued more naturally with} 15... Rac8 $1 16. g4 (16. Qf2 c5) 16... c5 $1 {A far from obvious tactic that works with the rook on f8, but it does not with the rook on a8!} 17. Qd2 ({The difference is in the line} 17. dxc5 Qxc5 18. g5 d4 $1 19. gxf6 g6 $1 {and here Black is doing well! While with the rook on a8 White has the stunning e4 here as we will see in the other line.}) 17... g6 {with a complex fight, but about equal chances.}) ({It is very important to mention that the standard reaction to any f2-f3 is usually c6-c5, but here it does not work yet because of a nice piece of tactics.} 15... c5 $2 16. dxc5 Qxc5 17. Ncxd5 $1 {and White wins a pawn!}) 16. g4 {I really liked my position and did not want to simplify it. The computer likes} (16. Qf2 {more, but I do not agree} c5 17. e4 (17. dxc5 Rxc5 18. e4 dxe4 19. Nxe4 Nxe4 20. Bxe4 {also did not impress me at all}) 17... dxe4 18. Nxe4 Nxe4 19. Bxe4 Rab8 {and this is very drawish.}) 16... g6 {A necessary move. Here the tactical solution with the immediate c6-c5 actually backfires on Black!} (16... c5 $2 17. dxc5 (17. g5 $2 {runs into a nice refutation} cxd4 $1 18. gxf6 {and now both} g6 ({and} 18... Qxf6 {are good for black})) 17... Qxc5 (17... Rxc5 18. g5 d4 19. gxf6 dxc3 20. Bxh7+ Kf8 21. fxg7+ Kxg7 22. Be4 {is simply good for White}) 18. g5 d4 19. gxf6 g6 {and here comes the incredible move} 20. Be4 $3 {and White wins material} dxc3 21. Bxb7) 17. a3 {I had the feeling that I had a very good position, but over the board it was very difficult to understand all the finesses.} ({The text move is a good prophylactic, but it was the right moment to play} 17. h4 $1 {I wanted to play like this as the plan h4 followed by h2 was screaming to be played, but the real point comes much later} c5 18. Qh2 cxd4 19. exd4 Qb4 {was really bothering as there is no good way to defend the d4-pawn and it falls with check! (The reason behind my 17.a3 move) But the engines come up with an excellent solution to the problem, just ignore it...} 20. g5 $3 Qxd4+ 21. Kh1 Ne8 (21... Nh5 {is also bad after} 22. Nce2 Qxb2 23. Nxh5 gxh5 24. Qf4 $1 {followed by g3 is very strong}) 22. h5 $1 {and suddenly at a high depth the computer already gives an almost winning advantage for White! If you do not believe it, please check it out!}) 17... c5 18. Qd2 {Now unfortunately I had to lose this tempo as h2 is not yet available. On the other hand Black has no way to use this tempo.} {A sad decision as after this exchange it is obvious that White will have long lasting pressure, but it was the best option. Now Black is fully focused on exchanging as many pieces as possible to defend the passive position.} cxd4 19. exd4 Bc6 $1 {The key idea of Black's defence. Defending the d5-pawn by the bishop which anyway has no other prospects.} 20. g5 {White had a couple of interesting options, it was difficult to decide which gives the best chances.} ({I also considered} 20. h4 Re8 21. Qh2 {now that ...b4 is covered} Rxe1 {Black exchanges as much as possible} 22. Rxe1 Re8 23. Rxe8+ Nxe8 {and here} 24. Nfe2 {felt like some slight pressure, but I wanted more.}) 20... Nfd7 21. Re2 ({As it turned out after the game} 21. h4 $1 {was strong here} Re8 22. Qh2 $1 {After all!} Nf8 23. h5 {and Black can not exchange both rooks as the d5-pawn is hanging at the end! During the game I had missed this small but very important detail!}) 21... Re8 22. Rfe1 Rxe2 23. Rxe2 Nf8 24. h4 Re8 25. Rxe8 Bxe8 26. Qe3 {This was my idea and that is why I did not play h2 at the end. I thought that at some point e5 might be a threat.} Bc6 27. Kg2 ({The hasty} 27. Qe5 $2 {runs into} Qxe5 28. dxe5 Nfd7 {and Black is fine.}) 27... f6 {It looks like Black has solved all his problems and a draw is very close, but in fact the position is not that simple.} 28. gxf6 $1 {A difficult decision, but a very good idea! At the end I felt that this paradoxical decision gives me chances!} Qxf6 29. Kg3 {At first it looks like there is nothing here, but if White gets d1-f2-g4 suddenly it looks very unpleasant. We were down to 10 minutes each and with little time it is very difficult to defend for Black. White's play is very easy while Black has to take a difficult decision: to try just to sit and wait or try to do something because there is no guarantee that by just sitting Black could hold it.} Kf7 {A natural, good move.} ({I was hoping that my opponent would get impatient here and go for} 29... g5 {when I considered} 30. Nh5 $5 {very dangerous for Black} (30. hxg5 Qxg5+ 31. Kf2 Qh4+ 32. Kg1 Qg5+ 33. Kf1 {is solid and good}) 30... gxh4+ 31. Kf2 Qd6 32. Qg5+ Ng6 33. f4 {and this felt very bad for Black.}) 30. Nd1 {Following the plan.} Nbd7 {Defending such position is practically always very difficult. With an engine's help Black could have probably saved the game by playing ...g5 now, but it is very hard to calculate such lines.} (30... g5 $1 31. hxg5 (31. Nh5 {This idea is again interesting} gxh4+ 32. Kf2 Qd6 33. Qg5 {looks again very promising, but with a long line the computer holds it by some miracle} Qh2+ 34. Ke1 Nbd7 35. Ne3 Ne6 36. Qh6 Qg1+ 37. Kd2 Qg5 $1 38. Qxh7+ Ke8 {and apparently Black survives}) 31... Qxg5+ 32. Kf2 Nc4 {I had seen this line during the game and assumed that I would be able to find something, but not against a computer!} 33. Bxc4 dxc4 34. Nc3 {looks awful, but Black is in time to start checking} Qh4+ 35. Ke2 Qh2+ 36. Kd1 Qh1+ {and Black holds.}) 31. Nf2 g5 $2 {And now it is too late!} ({Black could have exchanged some more pieces with ...e6, but after} 31... Ne6 32. Ng4 Qxf4+ 33. Qxf4+ Nxf4 34. Kxf4 $14 {it is very dangerous. White has total domination despite the little material.}) ({Best was probably to try} 31... Qe7 {when White should keep the queens} 32. Qd2 {and the torture continues, but Black has decent chances to survive.}) 32. hxg5 Qxg5+ 33. Kh2 Qe7 {Black's play was based on this move,but as it turns out that the last moves only helped White.} 34. Ng4 $1 {Now I do not mind the exchange of queens!} Qxe3 35. Nxe3 {I think Black is lost here as there is no defence against the White's king marching to g5 when Black will end up losing a pawn sooner or later.} Nf6 36. Kg3 {The king starts the march.} N8d7 37. Kh4 {Black has no defence. If Black tries h6 than f5 wins the h6-pawn right away.} Nb6 {Desperation in time trouble. Black wants to get the knight via c8 to e7 or d6, but it is just not in time.} 38. Kg5 Nc8 39. Ng4 $1 {Now it is over as Black loses the h7-pawn by force.} Nxg4 40. fxg4 Nd6 41. Bxh7 {The rest does not need any commentary.} Nb5 42. Ne2 Kg7 43. Bd3 Nd6 44. Kf4 Bd7 45. Nc3 Bc6 46. Nd1 Nf7 47. Ne3 Nd8 (47... Kf6 48. g5+ $1) 48. Bf5 Nf7 49. Be6 Nd6 50. Ke5 1-0